000 00282pam a2200121 a 4500
020 _c
041 _aeng
100 _aHudse.W.H.
245 _aAn Introducton To The Study & Literatere
_hTextual Documents
260 _a[s.l]:
_bGeorge.G.Harmap.Co.
300 _a47p.
930 _a15386
999 _c92286
_d92286